000
00291nam a2200121Ia 4500
008
190216s9999||||xx |||||||||||||| ||und||
100
_a
Ramamurthy K S
245
0
_a
Seven One-Act Plays
260
_b
Oxford University Press
_c
1984
300
_a
128p
650
_a
English Drama
942
_c
BK
999
_c
13500
_d
13500